| 000 | 01489cam a22004334a 4500 | ||
|---|---|---|---|
| 001 | muse82062 | ||
| 003 | MdBmJHUP | ||
| 005 | 20210127151434.0 | ||
| 006 | m o d | ||
| 007 | cr||||||||nn|n | ||
| 008 | 720512s1964 mdu o 00 0 eng d | ||
| 010 | _z 64025073 | ||
| 020 | _a9781421434513 | ||
| 020 | _z9781421434506 | ||
| 035 | _a(OCoLC)1128009329 | ||
| 040 |
_aMdBmJHUP _cMdBmJHUP |
||
| 050 | 0 | 4 |
_aB577.G23 _bI53 1964 |
| 082 | 0 | _a160 | |
| 100 | 0 | _aGalen. | |
| 240 | 1 | 0 |
_aInstitutio logica. _lEnglish |
| 245 | 1 | 0 |
_aGalen's Institutio Logica _bEnglish Translation, Introduction, and Commentary / _cEnglish translation, introd., and commentary [by] John Spangler Kieffer. |
| 264 | 1 | _bJohns Hopkins Press | |
| 264 | 3 | _bProject MUSE, | |
| 300 | _a1 online resource (vii, 143 p.) | ||
| 504 | _aBibliography: p. 135-136. | ||
| 506 | 0 |
_aOpen Access _fUnrestricted online access _2star |
|
| 588 | _aDescription based on print version record. | ||
| 650 | 0 |
_aLogic _vEarly works to 1800. |
|
| 655 | 7 |
_aElectronic books. _2local |
|
| 700 | 1 |
_aKieffer, John Spangler, _eed. |
|
| 740 | 0 | _aInstitutio logica. | |
| 710 | 2 |
_aProject Muse. _edistributor |
|
| 830 | 0 | _aBook collections on Project MUSE. | |
| 856 | 4 | 0 |
_zFull text available: _uhttps://muse.jhu.edu/book/71676/ |
| 999 |
_c25775 _d25775 |
||